Ako správne narábať so zľavami

Zľava ako nástroj na podporu predaja. Zásady kedy, komu a ako zľavy poskytovať.

Saved in:
Bibliographic Details
Main Author: Mišík, Martin
Format: Book Chapter
Language:Slovak
Subjects:
Tags: Add Tag
No Tags, Be the first to tag this record!

MARC

LEADER 00000naa a2200000 4500
001 0241379
005 20180322081732.8
041 0 |a slo 
044 |a SK 
245 1 0 |a Ako správne narábať so zľavami  |c Martin Mišík 
520 |a Zľava ako nástroj na podporu predaja. Zásady kedy, komu a ako zľavy poskytovať. 
610 2 0 |a podpora predaja 
610 2 0 |a zákazníci 
610 2 0 |a zľavy obchodné 
610 2 0 |a podmienky obchodné 
610 2 0 |a podmienky predajné 
100 1 |a Mišík, Martin